<?xml version="1.0" encoding="UTF-8"?>
<record
    xmlns:xsi="http://www.w3.org/2001/XMLSchema-instance"
    xsi:schemaLocation="http://www.loc.gov/MARC21/slim http://www.loc.gov/standards/marcxml/schema/MARC21slim.xsd"
    xmlns="http://www.loc.gov/MARC21/slim">

  <leader>01072nam a2200313 u 4500</leader>
  <controlfield tag="001">391525</controlfield>
  <controlfield tag="005">20260506082943.0</controlfield>
  <controlfield tag="008">990503s1999       ||||||m|         spa  </controlfield>
  <datafield tag="035" ind1=" " ind2=" ">
    <subfield code="a">391525</subfield>
  </datafield>
  <datafield tag="040" ind1=" " ind2=" ">
    <subfield code="c">comduadb</subfield>
  </datafield>
  <datafield tag="041" ind1=" " ind2=" ">
    <subfield code="a">spa</subfield>
  </datafield>
  <datafield tag="080" ind1=" " ind2=" ">
    <subfield code="a">W</subfield>
  </datafield>
  <datafield tag="100" ind1="1" ind2="0">
    <subfield code="a">Palacios Murillo, Nezly</subfield>
    <subfield code="4">aut</subfield>
    <subfield code="e">aut</subfield>
    <subfield code="9">321123</subfield>
  </datafield>
  <datafield tag="245" ind1="1" ind2="0">
    <subfield code="a">Indicadores de calidad para instituciones prestadoras de servicios de salud</subfield>
  </datafield>
  <datafield tag="260" ind1=" " ind2=" ">
    <subfield code="a">Medell&#xED;n,</subfield>
    <subfield code="c">1999.</subfield>
  </datafield>
  <datafield tag="300" ind1=" " ind2=" ">
    <subfield code="a">ca111p.</subfield>
  </datafield>
  <datafield tag="650" ind1=" " ind2=" ">
    <subfield code="a">Calidad</subfield>
    <subfield code="9">19592</subfield>
  </datafield>
  <datafield tag="650" ind1=" " ind2="7">
    <subfield code="a">Calidad total</subfield>
    <subfield code="2">embne</subfield>
    <subfield code="9">29803</subfield>
  </datafield>
  <datafield tag="650" ind1=" " ind2=" ">
    <subfield code="a">Evaluaci&#xF3;n</subfield>
    <subfield code="9">7220</subfield>
  </datafield>
  <datafield tag="650" ind1=" " ind2=" ">
    <subfield code="a">IPS (Instituciones Prestadoras de Servicios de Salud)</subfield>
    <subfield code="9">36749</subfield>
  </datafield>
  <datafield tag="650" ind1=" " ind2="7">
    <subfield code="a">Servicios de salud</subfield>
    <subfield code="2">lemb</subfield>
    <subfield code="9">36414</subfield>
  </datafield>
  <datafield tag="650" ind1=" " ind2="7">
    <subfield code="a">Indicadores de gesti&#xF3;n</subfield>
    <subfield code="2">armarc</subfield>
    <subfield code="9">36605</subfield>
  </datafield>
  <datafield tag="650" ind1=" " ind2="7">
    <subfield code="a">Calidad de la atenci&#xF3;n de salud</subfield>
    <subfield code="2">dcs</subfield>
    <subfield code="9">237157</subfield>
  </datafield>
  <datafield tag="650" ind1=" " ind2="7">
    <subfield code="a">Calidad de la atenci&#xF3;n de salud</subfield>
    <subfield code="2">dcs</subfield>
    <subfield code="9">237157</subfield>
  </datafield>
  <datafield tag="650" ind1=" " ind2="7">
    <subfield code="a">Administraci&#xF3;n hospitalaria</subfield>
    <subfield code="2">dcs</subfield>
    <subfield code="9">131985</subfield>
  </datafield>
  <datafield tag="700" ind1="1" ind2="0">
    <subfield code="a">Chaverra Casas, Maria Elena</subfield>
    <subfield code="4">aut</subfield>
    <subfield code="e">aut</subfield>
    <subfield code="9">293485</subfield>
  </datafield>
  <datafield tag="700" ind1="1" ind2="0">
    <subfield code="a">Guti&#xE9;rrez Mej&#xED;a, Luis Alberto</subfield>
    <subfield code="4">aut</subfield>
    <subfield code="e">aut</subfield>
    <subfield code="9">494275</subfield>
  </datafield>
  <datafield tag="942" ind1=" " ind2=" ">
    <subfield code="c">BOOK</subfield>
  </datafield>
  <datafield tag="999" ind1=" " ind2=" ">
    <subfield code="c">118448</subfield>
    <subfield code="d">118448</subfield>
  </datafield>
  <datafield tag="952" ind1=" " ind2=" ">
    <subfield code="0">0</subfield>
    <subfield code="1">0</subfield>
    <subfield code="4">0</subfield>
    <subfield code="7">0</subfield>
    <subfield code="8">GENERAL</subfield>
    <subfield code="a">BSP</subfield>
    <subfield code="b">BSP</subfield>
    <subfield code="d">1999-05-03</subfield>
    <subfield code="i">C462485</subfield>
    <subfield code="l">0</subfield>
    <subfield code="o">W84 P3-99e1</subfield>
    <subfield code="p">61000002338701</subfield>
    <subfield code="r">2023-04-22 00:00:00</subfield>
    <subfield code="t">1</subfield>
    <subfield code="w">2023-04-22</subfield>
    <subfield code="y">TESIS</subfield>
  </datafield>
  <datafield tag="952" ind1=" " ind2=" ">
    <subfield code="0">0</subfield>
    <subfield code="1">0</subfield>
    <subfield code="2">ddc</subfield>
    <subfield code="4">0</subfield>
    <subfield code="7">0</subfield>
    <subfield code="8">SEMIACTIV2</subfield>
    <subfield code="a">BSP</subfield>
    <subfield code="b">BSP</subfield>
    <subfield code="d">1999-05-03</subfield>
    <subfield code="i">C462486</subfield>
    <subfield code="l">0</subfield>
    <subfield code="o">W84 P3-99e2</subfield>
    <subfield code="p">61000002338644</subfield>
    <subfield code="r">2023-04-22 00:00:00</subfield>
    <subfield code="t">2</subfield>
    <subfield code="w">2023-04-22</subfield>
    <subfield code="y">TESIS</subfield>
  </datafield>
</record>
